000 00192 a2200097 4500
001 3627
100 _aRitchie, R.L.G
245 _aDouze contes
260 _a
_bNelson
_c
090 _c2891
_d2891
942 _aNUST-CAE
_cM
_c21013
999 _c238700
_d238700